00998 2200277 4500001002100000005001700021008004100038035002400079082001800103090002500121100001200146245019600158250001100354260015100365300002900516500002900545650003400574700002100608700001600629700001400645850001500659980001300674985000600687986001200693999001500705YOGYA-0209000001094720090227022103.0 ind  0010-020900000010947 a307.720959822 a307.720959822bSuh D aSUHARDI aDampak tayangan televisi terhadap masyarakat pedesaan di Jawa Tengahbkasus desa Melikan Kecamatan desa Widi Propinsi Jawa TengahcSuhardi, sigit Widiyanto, Listaryati ; penyunting, Sumarsono aCet. 1 aJakartabDepdikbud Ditjen Kebudayaan Direktorat Sejarah dan Nilai Tradisional Bag. Proyek Pengkajian dan Pembinaan Kebudayaan masa kinic1995/1996 axiv, 91 hlmbilusc21 cm aBibliografi : hlm. 89-90 aMasyarakat desa - Jawa Tengah aWidijanto, Sigit aLestariyati aSumarsono aYOPDYOG(B) a1-8-2005 a1 aPrrtrev aA000006394